Velké dějiny zemí Koruny české. Tematická řada. Architektura /

Uloženo v:
Další autoři: Benešovská, Klára, 1950- (Autor)
Médium: Kniha
Jazyk:Czech
Vydáno: Praha ; Litomyšl : Praha : Paseka ; Artefactum, 2009
Vydání:Vyd. 1.
Témata:
Celkem bylo vypůjčeno:0x
Tagy:
Žádné tagy
LEADER 01230nam a2200313 a 4500
001 87121
003 CZ-UoMK
005 20240330064857.0
008 100201s2009----xr ---------u-------cze-d
015 |a cnb002012868 
020 |a 978-80-7432-001-9 
020 |a 978-80-86890-21-0 
020 |a 978-80-7432-000-2  |c 890.00 Kč 
040 |a UOG502  |9 1  |b cze 
080 |a 72 
080 |a 943.71/.72 
245 0 0 |a Velké dějiny zemí Koruny české.  |p Tematická řada.  |p Architektura /  |c Klára Benešovská ... [et al.] 
246 1 3 |a Dějiny zemí Koruny české 
250 |a Vyd. 1. 
260 |a Praha ;  |a Litomyšl :  |b Paseka ;  |a Praha :  |b Artefactum,  |c 2009 
300 |a 806 s. :  |b il., plány ;  |c 22 cm 
500 |a V tiráži označení: Tematická řada, sv. I 
504 |a Obsahuje bibliografii, bibliografické odkazy a rejstřík 
653 |a architektura  |a Česko  |a dějiny  |a české zámky  |a dějiny architektury 
700 1 |a Benešovská, Klára,  |d 1950-  |7 kpwa5836  |4 aut  |9 7953 
910 |a UOG502 
942 0 0 |0 0  |2 ddc  |c KN 
999 |d 87121 
993 |0 0  |1 421180071847  |2 ddc  |4 0  |6 72_000000000000000  |7 0  |9 72644  |a 890.00  |b 0  |c 71847  |d 2010-02-01  |e 0  |f DOSP  |g 72  |h 890.00  |i Zámecké knihkupectví  |l DOSP  |r 2021-02-04  |t 5  |w 2017-12-29  |y KN  |z NAUCNA